<?xml version="1.0" encoding="UTF-8"?>
<record
    xmlns:xsi="http://www.w3.org/2001/XMLSchema-instance"
    xsi:schemaLocation="http://www.loc.gov/MARC21/slim http://www.loc.gov/standards/marcxml/schema/MARC21slim.xsd"
    xmlns="http://www.loc.gov/MARC21/slim">

  <leader>00400nam a22001697a 4500</leader>
  <datafield tag="999" ind1=" " ind2=" ">
    <subfield code="c">11487</subfield>
    <subfield code="d">11487</subfield>
  </datafield>
  <controlfield tag="003">OSt</controlfield>
  <controlfield tag="008">220826b           ||||| |||| 00| 0 eng d</controlfield>
  <datafield tag="020" ind1=" " ind2=" ">
    <subfield code="a">9788126579907</subfield>
  </datafield>
  <datafield tag="082" ind1=" " ind2=" ">
    <subfield code="a">005.133 PRM</subfield>
  </datafield>
  <datafield tag="100" ind1=" " ind2=" ">
    <subfield code="a"> PRADHAN, Manaranjan</subfield>
  </datafield>
  <datafield tag="245" ind1=" " ind2=" ">
    <subfield code="a">Machine Learning using Python</subfield>
  </datafield>
  <datafield tag="250" ind1=" " ind2=" ">
    <subfield code="a">Rep</subfield>
  </datafield>
  <datafield tag="260" ind1=" " ind2=" ">
    <subfield code="a">New Delhi</subfield>
    <subfield code="b">Wiley</subfield>
    <subfield code="c">2022</subfield>
  </datafield>
  <datafield tag="300" ind1=" " ind2=" ">
    <subfield code="a">343</subfield>
  </datafield>
  <datafield tag="700" ind1=" " ind2=" ">
    <subfield code="a">KUMAR,Dinesh</subfield>
  </datafield>
  <datafield tag="942" ind1=" " ind2=" ">
    <subfield code="2">ddc</subfield>
    <subfield code="c">BK</subfield>
    <subfield code="0">8</subfield>
  </datafield>
  <datafield tag="952" ind1=" " ind2=" ">
    <subfield code="0">0</subfield>
    <subfield code="1">0</subfield>
    <subfield code="2">ddc</subfield>
    <subfield code="4">0</subfield>
    <subfield code="7">0</subfield>
    <subfield code="8">BTECHIT</subfield>
    <subfield code="a">PIET</subfield>
    <subfield code="b">PIET</subfield>
    <subfield code="d">2022-08-26</subfield>
    <subfield code="e">Kirti Prakashan</subfield>
    <subfield code="f">Indian Rup</subfield>
    <subfield code="g">609.00</subfield>
    <subfield code="k">IN810</subfield>
    <subfield code="l">0</subfield>
    <subfield code="o">005.133 PRM</subfield>
    <subfield code="p">33826</subfield>
    <subfield code="r">2022-08-26 00:00:00</subfield>
    <subfield code="v">420.21</subfield>
    <subfield code="w">2022-08-24</subfield>
    <subfield code="y">BK</subfield>
  </datafield>
  <datafield tag="952" ind1=" " ind2=" ">
    <subfield code="0">0</subfield>
    <subfield code="1">0</subfield>
    <subfield code="2">ddc</subfield>
    <subfield code="4">0</subfield>
    <subfield code="7">0</subfield>
    <subfield code="8">BTECHIT</subfield>
    <subfield code="a">PIET</subfield>
    <subfield code="b">PIET</subfield>
    <subfield code="d">2022-08-26</subfield>
    <subfield code="e">Kirti Prakashan</subfield>
    <subfield code="f">Indian Rup</subfield>
    <subfield code="g">609.00</subfield>
    <subfield code="k">IN810</subfield>
    <subfield code="l">4</subfield>
    <subfield code="o">005.133 PRM</subfield>
    <subfield code="p">33827</subfield>
    <subfield code="r">2025-03-06 00:00:00</subfield>
    <subfield code="s">2025-02-24</subfield>
    <subfield code="v">420.21</subfield>
    <subfield code="w">2022-08-24</subfield>
    <subfield code="y">BK</subfield>
  </datafield>
  <datafield tag="952" ind1=" " ind2=" ">
    <subfield code="0">0</subfield>
    <subfield code="1">0</subfield>
    <subfield code="2">ddc</subfield>
    <subfield code="4">0</subfield>
    <subfield code="7">0</subfield>
    <subfield code="8">BTECHIT</subfield>
    <subfield code="a">PIET</subfield>
    <subfield code="b">PIET</subfield>
    <subfield code="d">2022-08-26</subfield>
    <subfield code="e">Kirti Prakashan</subfield>
    <subfield code="f">Indian Rup</subfield>
    <subfield code="g">609.00</subfield>
    <subfield code="k">IN810</subfield>
    <subfield code="l">0</subfield>
    <subfield code="o">005.133 PRM</subfield>
    <subfield code="p">33828</subfield>
    <subfield code="r">2022-08-26 00:00:00</subfield>
    <subfield code="v">420.21</subfield>
    <subfield code="w">2022-08-24</subfield>
    <subfield code="y">BK</subfield>
  </datafield>
  <datafield tag="952" ind1=" " ind2=" ">
    <subfield code="0">0</subfield>
    <subfield code="1">0</subfield>
    <subfield code="2">ddc</subfield>
    <subfield code="4">0</subfield>
    <subfield code="7">0</subfield>
    <subfield code="8">BTECHIT</subfield>
    <subfield code="a">PIET</subfield>
    <subfield code="b">PIET</subfield>
    <subfield code="d">2022-08-26</subfield>
    <subfield code="e">Kirti Prakashan</subfield>
    <subfield code="f">Indian Rup</subfield>
    <subfield code="g">609.00</subfield>
    <subfield code="k">IN810</subfield>
    <subfield code="l">0</subfield>
    <subfield code="o">005.133 PRM</subfield>
    <subfield code="p">33829</subfield>
    <subfield code="r">2022-08-26 00:00:00</subfield>
    <subfield code="v">420.21</subfield>
    <subfield code="w">2022-08-24</subfield>
    <subfield code="y">BK</subfield>
  </datafield>
  <datafield tag="952" ind1=" " ind2=" ">
    <subfield code="0">0</subfield>
    <subfield code="1">0</subfield>
    <subfield code="2">ddc</subfield>
    <subfield code="4">0</subfield>
    <subfield code="7">0</subfield>
    <subfield code="8">BTECHIT</subfield>
    <subfield code="a">PIET</subfield>
    <subfield code="b">PIET</subfield>
    <subfield code="d">2022-08-26</subfield>
    <subfield code="e">Kirti Prakashan</subfield>
    <subfield code="f">Indian Rup</subfield>
    <subfield code="g">609.00</subfield>
    <subfield code="k">IN810</subfield>
    <subfield code="l">3</subfield>
    <subfield code="o">005.133 PRM</subfield>
    <subfield code="p">33830</subfield>
    <subfield code="r">2026-01-20 00:00:00</subfield>
    <subfield code="s">2026-01-10</subfield>
    <subfield code="v">420.21</subfield>
    <subfield code="w">2022-08-24</subfield>
    <subfield code="y">BK</subfield>
  </datafield>
  <datafield tag="952" ind1=" " ind2=" ">
    <subfield code="0">0</subfield>
    <subfield code="1">0</subfield>
    <subfield code="2">ddc</subfield>
    <subfield code="4">0</subfield>
    <subfield code="7">0</subfield>
    <subfield code="8">BTECHIT</subfield>
    <subfield code="a">PIET</subfield>
    <subfield code="b">PIET</subfield>
    <subfield code="d">2022-08-26</subfield>
    <subfield code="e">Kirti Prakashan</subfield>
    <subfield code="f">Indian Rup</subfield>
    <subfield code="g">609.00</subfield>
    <subfield code="k">IN810</subfield>
    <subfield code="l">2</subfield>
    <subfield code="o">005.133 PRM</subfield>
    <subfield code="p">33831</subfield>
    <subfield code="r">2026-02-03 00:00:00</subfield>
    <subfield code="s">2026-01-20</subfield>
    <subfield code="v">420.21</subfield>
    <subfield code="w">2022-08-24</subfield>
    <subfield code="y">BK</subfield>
  </datafield>
  <datafield tag="952" ind1=" " ind2=" ">
    <subfield code="0">0</subfield>
    <subfield code="1">0</subfield>
    <subfield code="2">ddc</subfield>
    <subfield code="4">0</subfield>
    <subfield code="7">0</subfield>
    <subfield code="8">BTECHIT</subfield>
    <subfield code="a">PIET</subfield>
    <subfield code="b">PIET</subfield>
    <subfield code="d">2022-08-26</subfield>
    <subfield code="e">Kirti Prakashan</subfield>
    <subfield code="f">Indian Rup</subfield>
    <subfield code="g">609.00</subfield>
    <subfield code="k">IN810</subfield>
    <subfield code="l">3</subfield>
    <subfield code="o">005.133 PRM</subfield>
    <subfield code="p">33832</subfield>
    <subfield code="q">2024-06-20</subfield>
    <subfield code="r">2023-12-23 00:00:00</subfield>
    <subfield code="s">2023-12-23</subfield>
    <subfield code="v">420.21</subfield>
    <subfield code="w">2022-08-24</subfield>
    <subfield code="y">BK</subfield>
  </datafield>
  <datafield tag="952" ind1=" " ind2=" ">
    <subfield code="0">0</subfield>
    <subfield code="1">0</subfield>
    <subfield code="2">ddc</subfield>
    <subfield code="4">0</subfield>
    <subfield code="7">0</subfield>
    <subfield code="8">BTECHIT</subfield>
    <subfield code="a">PIET</subfield>
    <subfield code="b">PIET</subfield>
    <subfield code="d">2022-08-26</subfield>
    <subfield code="e">Kirti Prakashan</subfield>
    <subfield code="f">Indian Rup</subfield>
    <subfield code="g">609.00</subfield>
    <subfield code="k">IN810</subfield>
    <subfield code="l">4</subfield>
    <subfield code="o">005.133 PRM</subfield>
    <subfield code="p">33833</subfield>
    <subfield code="r">2025-05-28 00:00:00</subfield>
    <subfield code="s">2025-02-21</subfield>
    <subfield code="v">420.21</subfield>
    <subfield code="w">2022-08-24</subfield>
    <subfield code="y">BK</subfield>
  </datafield>
  <datafield tag="952" ind1=" " ind2=" ">
    <subfield code="0">0</subfield>
    <subfield code="1">0</subfield>
    <subfield code="2">ddc</subfield>
    <subfield code="4">0</subfield>
    <subfield code="7">0</subfield>
    <subfield code="8">BTECHIT</subfield>
    <subfield code="a">PIET</subfield>
    <subfield code="b">PIET</subfield>
    <subfield code="d">2022-08-26</subfield>
    <subfield code="e">Kirti Prakashan</subfield>
    <subfield code="f">Indian Rup</subfield>
    <subfield code="g">609.00</subfield>
    <subfield code="k">IN810</subfield>
    <subfield code="l">4</subfield>
    <subfield code="o">005.133 PRM</subfield>
    <subfield code="p">33834</subfield>
    <subfield code="r">2023-12-04 00:00:00</subfield>
    <subfield code="s">2023-11-30</subfield>
    <subfield code="v">420.21</subfield>
    <subfield code="w">2022-08-24</subfield>
    <subfield code="y">BK</subfield>
  </datafield>
  <datafield tag="952" ind1=" " ind2=" ">
    <subfield code="0">0</subfield>
    <subfield code="1">0</subfield>
    <subfield code="2">ddc</subfield>
    <subfield code="4">0</subfield>
    <subfield code="7">0</subfield>
    <subfield code="8">BTECHIT</subfield>
    <subfield code="a">PIET</subfield>
    <subfield code="b">PIET</subfield>
    <subfield code="d">2022-08-26</subfield>
    <subfield code="e">Kirti Prakashan</subfield>
    <subfield code="f">Indian Rup</subfield>
    <subfield code="g">609.00</subfield>
    <subfield code="k">IN810</subfield>
    <subfield code="l">0</subfield>
    <subfield code="o">005.133 PRM</subfield>
    <subfield code="p">33835</subfield>
    <subfield code="r">2022-08-26 00:00:00</subfield>
    <subfield code="v">420.21</subfield>
    <subfield code="w">2022-08-24</subfield>
    <subfield code="y">BK</subfield>
  </datafield>
</record>
